=LDR 00000nam 2200000 4500 =001 INLIS000000000006489 =005 20251110010441 =035 ##$$a 0010-1125000363 =007 ta =008 251110###########################0#ind## =082 ##$$a 307.12 =084 ##$$a 307.12 BAD p =100 #$$a Badan Koordinasi Keluarga Berencana Nasional =245 1#$$a Pengembangan Sasaran Kajian Kecenderungan (Hasil Pemantauan Di Kawasan Timur Indonesia) /$c Badan Koordinasi Keluarga Berencana Nasional =260 ##$:$b Badan Koordinasi Keluarga Berencana Nasional =300 ##$$a 19 Hal : $b Ilus ; $c 21 =650 #4$$a Keluarga Berencana =856 ##$$a Perpustakaan Kemendukbangga